Нормален изглед
MARC изглед
- Танчев, Евгени
Вход 01. Лично име
001 - Контролен номер на записа
- Контролно поле: 413739
003 - Код на организацията, даваща контролен номер
- Контролно поле: BLK
005 - Дата и час на последна промяна на записа
- Контролно поле: 20200609115648.0
008 - Данни с фиксирана дължина – обща информация
- Данни с фиксирана дължина : 200609|| aca||aabn | a|a d
100 ## - ИМЕ НА ЛИЦЕ -ПЪРВИЧНА ИНТЕЛЕКТУАЛНА ОТГОВОРНОСТ
- Лично име: Танчев, Евгени
942 ## - Системна служебна употреба
- Koha auth type: PERSO_NAME